Can't you guys read? cartoons on academia

Gardado en:
Detalles Bibliográficos
Autor Principal: Harris, Sidney (Author)
Formato: Libro
Idioma:inglés
Publicado: New Brunswick Rutgers University Press 1991
Edición:1a. ed
Subjects:
Tags: Engadir etiqueta
Sen Etiquetas, Sexa o primeiro en etiquetar este rexistro!

MARC

LEADER 00000cam a2200000 a 4500
001 UCE3919
003 CL-VaPUC
008 141003e19910000us |||||||||||||||||eng|d
020 |a 0813517338 
082 0 4 |a 370.0207  |b HAR  |2 21 
100 |a Harris, Sidney  |e author  |9 576450 
245 1 0 |a Can't you guys read? cartoons on academia 
250 |a 1a. ed 
300 |a 140 p 
942 |c BK 
945 |d 20141003 14:17:00  |a arojas 
260 |a New Brunswick  |b Rutgers University Press  |c 1991 
650 0 |a Educación  |9 258661 
650 0 |a Caricaturas  |9 359381 
650 0 |a Dibujos animados  |9 341013 
650 0 |a Humor gráfico  |9 536655 
583 |a last modification  |c 20141003 14:17:00  |k Rodrigo Vera 
999 |c 357036  |d 357034 
952 |0 0  |1 0  |3 erb  |4 0  |6 370_020700000000000_HAR_1991  |7 0  |8 A  |9 464843  |a BIBCUR  |b BIBCUR  |i 5116325  |o 370.0207 HAR 1991  |p 5116325  |r 2025-04-22  |w 2019-11-23  |y BK  |z Catalogado en:20141003  |k BCB